|
|
|
|
| LEADER |
01086nam a22002657a 4500 |
| 001 |
36671 |
| 003 |
BD-DhAAL |
| 005 |
20191120131825.0 |
| 008 |
191120r19761970enka w 00110 eng d |
| 999 |
|
|
|c 41859
|d 41859
|
| 040 |
|
|
|a BD-DhAAL
|
| 082 |
|
|
|a 338.4737
|2 19
|
| 100 |
|
|
|a Blaug, Mark.
|9 37462
|
| 245 |
|
|
|a An introduction to the economics of education /
|c Mark Blaug
|
| 260 |
|
|
|a Harmondsworth :
|b Penguin,
|c c1970 [reprinted 1976]
|
| 300 |
|
|
|a xx, 363 pages :
|b illustrations ;
|c 20 cm
|
| 490 |
|
|
|a Penguin modern economics texts
|
| 504 |
|
|
|a Includes bibliographical references (pages [331]-352) and index.
|
| 526 |
|
|
|a ESS
|
| 541 |
|
|
|a Complimentary copy from Professor Dr. Nasreen Khundker
|e 36671
|
| 650 |
|
|
|a Education
|x Economic aspects.
|9 37463
|
| 830 |
|
|
|a Penguin modern economics texts
|9 37464
|
| 852 |
|
|
|a Ayesha Abed Library
|c General Stacks
|
| 942 |
|
|
|2 ddc
|c BK
|
| 952 |
|
|
|0 0
|1 0
|2 ddc
|4 0
|6 338_473700000000000_BLA
|7 0
|9 67229
|a BRACUL
|b BRACUL
|c GEN
|d 2019-11-20
|e Complimentary copy from Professor Dr. Nasreen Khundker
|l 0
|o 338.4737 BLA
|p 3010036671
|r 2019-11-20
|t 1
|w 2019-11-20
|y BK
|